| 000 | 01025cam a22003015a 4500 | ||
|---|---|---|---|
| 001 | 18228144 | ||
| 005 | 20151214155934.0 | ||
| 008 | 140716t2015 njua frbd 001 0 eng d | ||
| 020 | _a0321967054 (pbk. : alk. paper) | ||
| 020 | _a9780321967053 (pbk. : alk. paper) | ||
| 040 |
_aDLC _beng _cDLC _dEG-ScBUE |
||
| 082 | 0 | 4 |
_a005.1 _222 _bGRE |
| 100 | 1 |
_aGregory, Janet, _d1953- _938911 |
|
| 245 | 1 | 0 |
_aMore agile testing : _blearning journeys for the whole team / _cJanet Gregory, Lisa Crispin. |
| 260 |
_aUpper Saddle River : _bAddison-Wesley, _cc.2015. |
||
| 300 |
_axlvi, 486 p. : _bill. ; _c24 cm. |
||
| 490 | 0 | _aAddison-Wesley signature series | |
| 500 | _aIndex : p. 459-486. | ||
| 500 | _aGlossary : p. 415-421. | ||
| 504 | _aBibliography : p. 423-458. | ||
| 650 | 0 |
_aComputer software _xTesting. _2BUEsh |
|
| 650 | 0 |
_aAgile software development. _2BUEsh |
|
| 651 | _2BUEsh | ||
| 653 |
_bCOMSCI _cAugust2015 _cDecember2015 |
||
| 653 |
_bENGELC _cAugust2015 |
||
| 700 | 1 | _aCrispin, Lisa, | |
| 942 |
_2ddc _k005.1 GRE |
||
| 999 |
_c20497 _d20469 |
||